000 00227nam a2200109Ia 4500
008 170627s9999 xx 000 0 und d
100 _aKUCHHAL- M.C.
245 0 _aMARCANTILE LAW
260 _bVIKAS
260 _c2005
546 _aENGLISH
690 _aLAW
999 _c35305
_d35305